Cuestiones de identidad cultural
Uloženo v:
| Hlavní autoři: | , |
|---|---|
| Médium: | Kniha |
| Jazyk: | španělština |
| Vydáno: |
Buenos Aires
Amorrortu
2011
|
| Vydání: | 2a. ed |
| Edice: | Biblioteca de Comunicación, Cultura y Medios
|
| Témata: | |
| Tagy: |
Přidat tag
Žádné tagy, Buďte první, kdo vytvoří štítek k tomuto záznamu!
|
MARC
| LEADER | 00000cam a2200000 a 4500 | ||
|---|---|---|---|
| 001 | UCF2719 | ||
| 003 | CL-VaPUC | ||
| 008 | 120910e20110000AG |||||||||||||||||spa|d | ||
| 020 | |a 9789505186631 | ||
| 082 | 0 | 4 | |a 306 |b HAL |2 21 |
| 100 | |a Hall, Stuart |e author |9 605136 | ||
| 700 | 0 | |a Gay, Paul du |e author |9 564480 | |
| 245 | 1 | 0 | |a Cuestiones de identidad cultural |
| 250 | |a 2a. ed | ||
| 300 | |a 314 p | ||
| 942 | |c BK | ||
| 945 | |d 20120910 00:00:00 |a cmena | ||
| 260 | |a Buenos Aires |b Amorrortu |c 2011 | ||
| 650 | 0 | |a Identidad cultural |9 319131 | |
| 650 | 0 | |a Antropología cultural y social |9 265143 | |
| 650 | 0 | |a Ciencias sociales |v Investigación |9 307767 | |
| 583 | |a last modification |c 20120910 11:39:00 |k Rodrigo Vera | ||
| 490 | 0 | |a Biblioteca de Comunicación, Cultura y Medios | |
| 999 | |c 349259 |d 349257 | ||
| 952 | |0 0 |1 0 |4 0 |6 306_000000000000000_HAL_2011 |7 0 |8 A |9 451813 |a BIBEDU |b BIBEDU |d 2019-11-22 |i 4900529 |l 2 |o 306 HAL 2011 |p 4900529 |q 2025-06-09 |r 2025-05-09 |s 2025-05-09 |w 2019-11-22 |y BK |k PSI | ||
| 952 | |0 0 |1 0 |4 0 |6 306_000000000000000_HAL_2011 |7 0 |8 A |9 451814 |a BIBEDU |b BIBEDU |d 2019-11-22 |i 4900537 |l 1 |o 306 HAL 2011 |p 4900537 |q 2025-06-06 |r 2025-05-07 |s 2025-05-07 |w 2019-11-22 |y BK |k PSI | ||